US States by Asian-American Population - Statistics

General Stats
  • This quiz has been taken 813 times
  • The average score is 9 of 10
Answer Stats
State Population % Correct
California 6,550,000
99%
New York 1,840,000
99%
Texas 1,570,000
96%
Washington 810,000
95%
Florida 730,000
94%
Illinois 810,000
87%
Massachusetts 520,000
84%
Hawaii 800,000
82%
New Jersey 920,000
80%
Virginia 660,000
72%
No matching quizzes found
Score Distribution
Percent of People with Each Score
Percentile by Number Answered
Your Score History
You have not taken this quiz